[Event "Belgrade Investbanka"]
[Site "Belgrade YUG"]
[Date "1991.??.??"]
[Round "1"]
[White "Yusupov, Artur"]
[Black "Gurevich, Mikhail"]
[Result "0-1"]
[WhiteElo "2625"]
[BlackElo "2630"]
[PlyCount "102"]
[EventDate "1991.11.??"]

1. d4 d5 2. Nf3 Nf6 3. c4 c6 4. Nc3 e6 5. Bg5 h6 6. Bxf6 Qxf6 7. e3 Nd7 8. a3 dxc4 9. Bxc4 Bd6 10. Ne4 Qe7 11. Nxd6+ Qxd6 12. O-O Qe7 13. Qc2 O-O 14. Ba2 Rd8 15. Rad1 a5 16. Bb1 Nf8 17. Ne5 a4 18. f4 Bd7 19. Ba2 Be8 20. f5 f6 21. fxe6 fxe5 22. Qc5 Ng6 23. h4 Kh8 24. Qxe7 Nxe7 25. dxe5 Rxd1 26. Rxd1 Kg8 27. Bc4 Kf8 28. Rf1+ Kg8 29. Rd1 c5 30. Rd6 Bc6 31. h5 g6 32. hxg6 Kg7 33. e4 Bxe4 34. Rd7 Re8 35. Rc7 Kxg6 36. Bb5 Bc6 37. Bd3+ Kg5 38. g3 Nf5 39. Rf7 Nxg3 40. e7 Be4 41. Bb5 Bc6 42. Bd3 Bd5 43. Rg7+ Kf4 44. Bg6 Nf5 45. Rh7 Rxe7 46. Bxf5 Rxh7 47. Bxh7 Kxe5 48. Bg6 Kd4 49. Kf2 Be4 50. Be8 Bc6 51. Bg6 c4 0-1

[Event "Belgrade Investbanka"]
[Site "Belgrade YUG"]
[Date "1991.??.??"]
[Round "2"]
[White "Kamsky, Gata"]
[Black "Yusupov, Artur"]
[Result "1/2-1/2"]
[WhiteElo "2595"]
[BlackElo "2625"]
[PlyCount "93"]
[EventDate "1991.11.??"]

1. e4 e6 2. d4 d5 3. Nc3 Bb4 4. e5 c5 5. a3 Bxc3+ 6. bxc3 Ne7 7. Qg4 O-O 8. Bd3 Nbc6 9. Qh5 Ng6 10. Nf3 Qc7 11. O-O c4 12. Be2 f6 13. exf6 Rxf6 14. Bd1 Bd7 15. Re1 Raf8 16. Rb1 h6 17. Kh1 Nce7 18. Kg1 b6 19. Bd2 Qd8 20. Rf1 Rf5 21. Qh3 e5 22. g4 e4 23. gxf5 Bxf5 24. Qg3 exf3 25. Bxf3 Bxc2 26. Rbc1 Bd3 27. Rfe1 Nf5 28. Qh3 Nfh4 29. Bh5 Kh7 30. Qg3 Qf6 31. Bg4 Bf5 32. Bxf5 Qxf5 33. f4 Qh5 34. Rf1 Ne7 35. Rce1 Nef5 36. Qh3 Rf6 37. Kh1 Rg6 38. Rf2 Rg4 39. Bc1 Nd6 40. f5 Ndxf5 41. Bf4 Qg6 42. Qf1 b5 43. Qe2 a5 44. Qe5 Rg2 45. Qe2 Rg4 46. Qe5 Rg2 47. Qe2 1/2-1/2

[Event "Belgrade Investbanka"]
[Site "Belgrade YUG"]
[Date "1991.??.??"]
[Round "3"]
[White "Gurevich, Mikhail"]
[Black "Sokolov, Ivan"]
[Result "1-0"]
[WhiteElo "2630"]
[BlackElo "2570"]
[PlyCount "103"]
[EventDate "1991.11.??"]

1. c4 e5 2. Nc3 Nf6 3. Nf3 Nc6 4. g3 Bc5 5. d3 O-O 6. Bg2 h6 7. O-O d6 8. a3 a5 9. e3 Bb6 10. b3 Bf5 11. h3 Qd7 12. Kh2 Bh7 13. Ng1 Kh8 14. Nge2 Rfe8 15. Bb2 Nd8 16. Qd2 c6 17. e4 Ng8 18. Na4 Bc7 19. d4 exd4 20. Bxd4 f5 21. exf5 Qxf5 22. Nf4 Ne6 23. Nxe6 Rxe6 24. Rfe1 Rae8 25. Rxe6 Qxe6 26. Nc3 Bd8 27. Rd1 Bf6 28. Bb6 Qf5 29. Rc1 Qd3 30. Qxd3 Bxd3 31. Na4 Re2 32. Rd1 Bc2 33. Rxd6 Bxb3 34. Nc5 Bxc4 35. Nxb7 a4 36. Na5 Bb5 37. Nxc6 Ra2 38. Bc5 Rc2 39. Be3 Ra2 40. Nd4 Bc4 41. Rc6 Bf7 42. Rc7 Bg6 43. Nb5 Ne7 44. Ra7 Nf5 45. Bd5 Rb2 46. Ra8+ Kh7 47. Bg8+ Kh8 48. Bc4+ Kh7 49. Bg8+ Kh8 50. Bc4+ Kh7 51. Bc1 Rxf2+ 52. Kg1 1-0

[Event "Belgrade Investbanka"]
[Site "Belgrade YUG"]
[Date "1991.??.??"]
[Round "3"]
[White "Yusupov, Artur"]
[Black "Ljubojevic, Ljubomir"]
[Result "1-0"]
[WhiteElo "2625"]
[BlackElo "2600"]
[PlyCount "125"]
[EventDate "1991.11.??"]

1. d4 Nf6 2. c4 e6 3. Nc3 Bb4 4. e3 O-O 5. Bd3 d5 6. Nf3 c5 7. O-O Nc6 8. a3 Bxc3 9. bxc3 dxc4 10. Bxc4 Qc7 11. Bd3 e5 12. Qc2 Re8 13. dxe5 Nxe5 14. Nxe5 Qxe5 15. f3 Bd7 16. a4 Rac8 17. Re1 h6 18. e4 Nd5 19. Bd2 Nf4 20. Bf1 c4 21. Be3 Qc7 22. Qd2 Ne6 23. Bxc4 Qxc4 24. Qxd7 Nc5 25. Qb5 Nd3 26. Red1 Qxb5 27. axb5 Rxc3 28. Bxa7 Ra8 29. Bd4 Rxa1 30. Rxa1 Rb3 31. b6 Kh7 32. h4 Nb4 33. Rd1 h5 34. Kf2 Nd3+ 35. Kg3 Kg6 36. Rd2 Nb4 37. Bg1 Rd3 38. Rb2 Nc6 39. Rb5 f6 40. Kh3 Kh6 41. Bh2 Kg6 42. Bc7 Ne7 43. Kg3 Nc8 44. Kf4 Rd2 45. g4 hxg4 46. fxg4 Ne7 47. Ke3 Rg2 48. Kf3 Rd2 49. h5+ Kf7 50. Ra5 Nc6 51. Rd5 Rb2 52. Rd7+ Kg8 53. Kf4 Rf2+ 54. Kg3 Rb2 55. e5 fxe5 56. g5 g6 57. h6 Rb3+ 58. Kf2 e4 59. Bd8 Rf3+ 60. Ke2 Ne5 61. h7+ Kh8 62. Bf6+ Rxf6 63. Rd8+ 1-0

[Event "Belgrade Investbanka"]
[Site "Belgrade YUG"]
[Date "1991.??.??"]
[Round "4"]
[White "Gelfand, Boris"]
[Black "Yusupov, Artur"]
[Result "1/2-1/2"]
[WhiteElo "2665"]
[BlackElo "2625"]
[PlyCount "41"]
[EventDate "1991.11.??"]

1. c4 e5 2. Nc3 Nc6 3. g3 g6 4. Bg2 Bg7 5. Rb1 f5 6. b4 Nf6 7. d3 O-O 8. e3 Kh8 9. Nge2 d6 10. O-O a6 11. a4 g5 12. b5 axb5 13. axb5 Ne7 14. f4 gxf4 15. exf4 Ng6 16. Bd2 Qe8 17. Nd5 Nxd5 18. cxd5 Ra2 19. Nc3 Ra8 20. Ne2 Ra2 21. Nc3 1/2-1/2

[Event "Belgrade Investbanka"]
[Site "Belgrade YUG"]
[Date "1991.??.??"]
[Round "4"]
[White "Sokolov, Ivan"]
[Black "Kamsky, Gata"]
[Result "1/2-1/2"]
[WhiteElo "2570"]
[BlackElo "2595"]
[PlyCount "89"]
[EventDate "1991.11.??"]

1. d4 d5 2. c4 c6 3. Nf3 Nf6 4. Nc3 e6 5. Bg5 dxc4 6. e4 b5 7. e5 h6 8. Bh4 g5 9. Nxg5 hxg5 10. Bxg5 Nbd7 11. g3 Qa5 12. exf6 Ba6 13. Qf3 Rc8 14. Be2 b4 15. Ne4 c5 16. dxc5 Nxc5 17. Nxc5 Bxc5 18. O-O Bd4 19. Qf4 Qe5 20. Qxe5 Bxe5 21. Rab1 Bb7 22. Rfe1 Bd4 23. Be3 Bxf6 24. Bxa7 Ke7 25. Red1 Bd5 26. Bd4 c3 27. bxc3 bxc3 28. Rbc1 Bxa2 29. Bxf6+ Kxf6 30. Rd3 c2 31. h4 Rc5 32. Kf1 Rb8 33. Ke1 Bd5 34. Kd2 Be4 35. Rd7 Rf5 36. Rd4 Ke5 37. Rxe4+ Kxe4 38. Bd3+ Kf3 39. Bxf5 exf5 40. Rxc2 Kxf2 41. Rc5 Rd8+ 42. Kc3 Kxg3 43. Rxf5 Rd7 44. Rh5 Kg4 45. Rh7 {Ftacnik,L} 1/2-1/2

[Event "Belgrade Investbanka"]
[Site "Belgrade YUG"]
[Date "1991.??.??"]
[Round "5"]
[White "Ljubojevic, Ljubomir"]
[Black "Sokolov, Ivan"]
[Result "1/2-1/2"]
[WhiteElo "2600"]
[BlackElo "2570"]
[PlyCount "45"]
[EventDate "1991.11.??"]

1. c4 Nf6 2. Nc3 g6 3. e4 d6 4. d4 Bg7 5. f3 O-O 6. Be3 c5 7. Nge2 Nbd7 8. Qd2 a6 9. Rd1 Qa5 10. Nc1 cxd4 11. Bxd4 Ne5 12. Nb3 Qc7 13. Rc1 e6 14. Be2 b6 15. O-O Bb7 16. Rfd1 Rfd8 17. Be3 Rac8 18. Bg5 Ba8 19. Qf4 Qe7 20. Rd4 h6 21. Bxf6 Bxf6 22. Qe3 Bg7 23. Rcd1 1/2-1/2

[Event "Belgrade Investbanka"]
[Site "Belgrade YUG"]
[Date "1991.??.??"]
[Round "10"]
[White "Nikolic, Predrag"]
[Black "Lautier, Joel"]
[Result "1-0"]
[WhiteElo "2625"]
[BlackElo "2560"]
[PlyCount "77"]
[EventDate "1991.11.??"]

1. Nf3 c5 2. c4 Nf6 3. g3 d5 4. cxd5 Nxd5 5. Bg2 Nc6 6. d4 cxd4 7. Nxd4 Ndb4 8. Nxc6 Qxd1+ 9. Kxd1 Nxc6 10. Bxc6+ bxc6 11. Be3 e5 12. f3 Bb4 13. a3 Ba5 14. Bc5 Bb6 15. b4 Bxc5 16. bxc5 Rb8 17. Nc3 Bf5 18. g4 Rb3 19. Kd2 Rb2+ 20. Ke3 Bg6 21. Ne4 Ke7 22. Rhd1 Rb3+ 23. Rd3 Rhb8 24. Rad1 Rxd3+ 25. Rxd3 Rb5 26. Rc3 Ke6 27. Nd6 Rb2 28. Ne8 Rb8 29. Nxg7+ Kf6 30. Nh5+ Bxh5 31. gxh5 Rb5 32. a4 Ra5 33. Rc4 Ke6 34. Kd3 f5 35. Kc3 e4 36. Kb4 exf3 37. exf3 Ra6 38. Rd4 Kf6 39. Rd7 1-0

[Event "Belgrade Investbanka"]
[Site "Belgrade YUG"]
[Date "1991.??.??"]
[Round "11"]
[White "Gurevich, Mikhail"]
[Black "Ljubojevic, Ljubomir"]
[Result "1/2-1/2"]
[WhiteElo "2630"]
[BlackElo "2600"]
[PlyCount "62"]
[EventDate "1991.11.??"]

1. d4 Nf6 2. c4 g6 3. Nc3 d5 4. Nf3 Bg7 5. cxd5 Nxd5 6. e4 Nxc3 7. bxc3 O-O 8. Be2 b6 9. O-O c5 10. Bf4 Bb7 11. Qd3 Ba6 12. Qe3 Bxe2 13. Qxe2 Qc8 14. Qe3 Re8 15. Rfd1 Nc6 16. Bh6 Bh8 17. Rac1 Na5 18. Qf4 Nc4 19. Qh4 e5 20. Bg5 Qc6 21. Be7 Qb7 22. Bf6 Bxf6 23. Qxf6 Qxe4 24. dxc5 Qf4 25. Qxf4 exf4 26. Rd4 Ne5 27. cxb6 axb6 28. Nxe5 Rxe5 29. a4 Rea5 30. Rxf4 Rxa4 31. Rxa4 Rxa4 1/2-1/2

[Event "Belgrade Investbanka"]
[Site "Belgrade YUG"]
[Date "1991.??.??"]
[Round "11"]
[White "Yusupov, Artur"]
[Black "Damljanovic, Branko"]
[Result "1/2-1/2"]
[WhiteElo "2625"]
[BlackElo "2585"]
[PlyCount "327"]
[EventDate "1991.11.??"]

1. d4 Nf6 2. c4 g6 3. Nf3 Bg7 4. g3 O-O 5. Bg2 d6 6. O-O Nbd7 7. Nc3 e5 8. h3 c6 9. e4 Qb6 10. c5 dxc5 11. dxe5 Ne8 12. Na4 Qb5 13. Be3 Nc7 14. Rc1 Ne6 15. b3 Rd8 16. Bg5 Re8 17. Be3 Rd8 18. Bg5 Re8 19. Be3 Qa5 20. Nb2 Rd8 21. Nc4 Qc7 22. Qc2 b5 23. Nb2 Nxe5 24. Nxe5 Bxe5 25. Nd3 Nd4 26. Qd1 Bg7 27. Nxc5 Qe7 28. Bxd4 Bxd4 29. Qc2 a5 30. Rfd1 b4 31. Rd3 Be6 32. Nxe6 Qxe6 33. Kh1 c5 34. f4 a4 35. e5 axb3 36. axb3 Ra3 37. Rf1 Rd7 38. Rdf3 Rda7 39. f5 Qxe5 40. fxg6 hxg6 41. Qc4 Qe6 42. Qd3 Ra2 43. g4 Rb2 44. Qb5 Re7 45. Qb8+ Kg7 46. Qg3 Rc2 47. g5 Rc3 48. Qh4 Rxf3 49. Rxf3 Bc3 50. Bf1 Qd5 51. Qg4 Re1 52. Kg2 Qxb3 53. Bc4 Qc2+ 54. Rf2 Qf5 55. Qxf5 gxf5 56. Rxf5 Bd4 57. Rxf7+ Kg6 58. h4 Rc1 59. Bd5 Re1 60. Rf4 Re5 61. Bc4 Be3 62. Rf6+ Kg7 63. Rf7+ Kg6 64. Rf6+ Kg7 65. Kf3 Bc1 66. Rf7+ Kg6 67. Rf6+ Kg7 68. Rf7+ Kg6 69. Rc7 Bxg5 70. Bd3+ Kf6 71. Rc6+ Ke7 72. hxg5 Rxg5 73. Kf4 Rd5 74. Be4 Rh5 75. Bf5 b3 76. Rxc5 b2 77. Rb5 Rh2 78. Ke5 Re2+ 79. Be4 Kd7 80. Rb7+ Kc8 81. Rb5 Rd2 82. Kf4 Kc7 83. Ke3 Rh2 84. Kd4 Kd6 85. Kc3 Re2 86. Bc2 Kc6 87. Rxb2 Kc5 88. Ra2 Rh2 89. Ra5+ Kd6 90. Be4 Rf2 91. Kd4 Rd2+ 92. Bd3 Rd1 93. Ra6+ Ke7 94. Ke4 Kd7 95. Bc4 Rd6 96. Ra1 Rd2 97. Ke5 Kc6 98. Rc1 Kc5 99. Bd3+ Kb6 100. Rc3 Rh2 101. Bc4 Rd2 102. Bd5 Kb5 103. Kd6 Rd4 104. Ra3 Kb4 105. Rb3+ Ka4 106. Rb8 Rb4 107. Ra8+ Kb5 108. Rc8 Kb6 109. Bc4 Kb7 110. Rc7+ Kb6 111. Rc6+ Kb7 112. Rc5 Rb6+ 113. Kd7 Rb2 114. Bd5+ Kb6 115. Kd6 Rb4 116. Rc8 Kb5 117. Rc7 Kb6 118. Bc4 Ra4 119. Rc6+ Kb7 120. Kd7 Ra5 121. Rd6 Rc5 122. Bd5+ Ka7 123. Ke6 Rb5 124. Ke5 Rb6 125. Rd8 Rb4 126. Bc6 Rb8 127. Rd4 Rb2 128. Rd8 Rb8 129. Rd7+ Ka6 130. Kd6 Rb2 131. Kc7 Ka7 132. Rd8 Rb7+ 133. Kd6 Rb8 134. Rd7+ Ka6 135. Rh7 Rb2 136. Kc7 Ka7 137. Rh8 Rb7+ 138. Kd6 Rb8 139. Rh7+ Ka6 140. Rh2 Rb3 141. Kc7 Ra3 142. Rh5 Rc3 143. Rg5 Rc4 144. Rb5 Rc3 145. Rb4 Ra3 146. Rb5 Rc3 147. Rf5 Rc4 148. Rf3 Ka5 149. Rb3 Rc5 150. Kd6 Rc4 151. Kd5 Rc1 152. Rb5+ Ka6 153. Rb8 Rd1+ 154. Kc5 Rc1+ 155. Kd6 Rc3 156. Bd5 Ka5 157. Bb3 Rc1 158. Kd5 Rc7 159. Bc4 Rd7+ 160. Kc6 Rg7 161. Bb3 Rg6+ 162. Kc5 Rb6 163. Ra8+ Ra6 164. Re8 1/2-1/2